Biện pháp quản lý nhằm nâng cao chất lượng giáo dục giới tính-sức khỏe sinh sản cho học sinh các trường trung học chuyên nghiệp tại thành phố Đà Nẵng

Cơ sở lý luận của công tác giáo dục giới tính - sức khỏe sinh sản cho học sinh THCN. Thực trạng công tác quản lý giáo dục giới tính - sức khỏe sinh sản cho học sinh THCN tại thành phố Đà Nẵng. Các biện pháp quản lý giáo dục giới tính sức khỏe sinh sản cho học sinh THCN....

Descrición completa

Gardado en:
Detalles Bibliográficos
Autor Principal: Lê Như Đáp
Outros autores: Lê Quang Sơn TS (Hướng dẫn)
Formato: Libro
Idioma:Vietnamese
Publicado: Đà Nẵng Đại học Đà Nẵng 2006
Những chủ đề:
Các nhãn: Engadir etiqueta
Sen Etiquetas, Sexa o primeiro en etiquetar este rexistro!
Thư viện lưu trữ: Mạng thư viện Đại học Đà Nẵng
LEADER 01749nam a2200337 4500
001 000010695
003 6906
005 20111219091213.0
008 111219s2006 viesd
041 |a vie 
072 |a Luận văn Thạc sĩ khoa học giáo dục 
082 |a 371.4  |b LÊ-Đ 
100 1 |a Lê Như Đáp 
245 1 |a Biện pháp quản lý nhằm nâng cao chất lượng giáo dục giới tính-sức khỏe sinh sản cho học sinh các trường trung học chuyên nghiệp tại thành phố Đà Nẵng  |c Lê Như Đáp 
260 |a Đà Nẵng  |b Đại học Đà Nẵng  |c 2006 
300 |a 106 tr.  |c 29 cm 
500 |a Luận văn Thạc sĩ Khoa học giáo dục. Chuyên ngành: Quản lý giáo dục. Mã số: 60.14.05 
520 |a Cơ sở lý luận của công tác giáo dục giới tính - sức khỏe sinh sản cho học sinh THCN. Thực trạng công tác quản lý giáo dục giới tính - sức khỏe sinh sản cho học sinh THCN tại thành phố Đà Nẵng. Các biện pháp quản lý giáo dục giới tính sức khỏe sinh sản cho học sinh THCN. 
653 |a Giáo dục giới tính 
653 |a Luận văn Thạc sĩ Khoa học giáo dục 
700 1 |a Lê Quang Sơn  |c TS  |e Hướng dẫn 
OWN |a LSP 
AVA |a UDN50  |b LSP  |d 371.4 LÊ-Đ  |e available  |t Error 5001 Not defined in file expand_doc_bib_avail.  |f 1  |g 0  |h N  |i 0  |k 1 
999 |a From the UDN01 
AVA |a UDN50  |b LSP  |d 371.4 LÊ-Đ  |e available  |t Error 5001 Not defined in file expand_doc_bib_avail.  |f 1  |g 0  |h N  |i 0  |k 1 
TYP |a Monograph 
TYP |a Printed language 
980 |a Mạng thư viện Đại học Đà Nẵng